Commentaries on essential commodities act. 1955 (Record no. 36032)

MARC details
000 -LEADER
fixed length control field 00311nam a2200121Ia 4500
082 ## - DEWEY DECIMAL CLASSIFICATION NUMBER
Classification number 34:339
Item number SAR
100 ## - MAIN ENTRY--AUTHOR NAME
Personal name Sarjoo Prasad
245 #0 - TITLE STATEMENT
Title Commentaries on essential commodities act. 1955
250 ## - EDITION STATEMENT
Edition statement Ed.4
260 ## - PUBLICATION, DISTRIBUTION, ETC. (IMPRINT)
Place of publication Allahabad
Name of publisher Law pub
Year of publication 1980
942 ## - ADDED ENTRY ELEMENTS (KOHA)
Koha item type Books
Holdings
Withdrawn status Lost status Damaged status Not for loan Home library Current library Date acquired Cost, normal purchase price Full call number Accession Number Koha item type
        RRII Library RRII Library 16/12/2021 130.00 34:339 SAR 16449 Books